Library Banner

Active bodies : (Record no. 104228)

MARC details
000 -LEADER
fixed length control field 00939cam a2200253 a 4500
001 - CONTROL NUMBER
control field 16894330
005 - DATE AND TIME OF LATEST TRANSACTION
control field 20180409094729.0
008 - FIXED-LENGTH DATA ELEMENTS--GENERAL INFORMATION
fixed length control field 110729s2012 nyua b 001 0 eng
020 ## - INTERNATIONAL STANDARD BOOK NUMBER
International Standard Book Number 9780195168792 (alk. paper)
020 ## - INTERNATIONAL STANDARD BOOK NUMBER
International Standard Book Number 0195168798 (alk. paper)
040 ## - CATALOGING SOURCE
Transcribing agency PK-LaUMT
082 00 - DEWEY DECIMAL CLASSIFICATION NUMBER
Classification number 613.7082
Edition number 23
Item number VER-A
100 1# - MAIN ENTRY--PERSONAL NAME
Personal name Verbrugge, Martha H.
245 10 - TITLE STATEMENT
Title Active bodies :
Remainder of title a history of women's physical education in twentieth-century America /
Statement of responsibility, etc Martha H. Verbrugge
260 ## - PUBLICATION, DISTRIBUTION, ETC. (IMPRINT)
Place of publication, distribution, etc New York :
Name of publisher, distributor, etc Oxford University Press,
Date of publication, distribution, etc 2012
300 ## - PHYSICAL DESCRIPTION
Extent xi, 391 p. :
Other physical details ill. ;
Dimensions 25 cm.
650 #0 - SUBJECT ADDED ENTRY--TOPICAL TERM
Topical term or geographic name as entry element Women physical education teachers
Geographic subdivision United States.
650 #0 - SUBJECT ADDED ENTRY--TOPICAL TERM
Topical term or geographic name as entry element Physical education teachers
Geographic subdivision United States.
650 #0 - SUBJECT ADDED ENTRY--TOPICAL TERM
Topical term or geographic name as entry element Physical education for women
Geographic subdivision United States.
650 #0 - SUBJECT ADDED ENTRY--TOPICAL TERM
Topical term or geographic name as entry element Discrimination in sports
Geographic subdivision United States.
650 #0 - SUBJECT ADDED ENTRY--TOPICAL TERM
Topical term or geographic name as entry element Women
General subdivision Education
Geographic subdivision United States.
650 #0 - SUBJECT ADDED ENTRY--TOPICAL TERM
Topical term or geographic name as entry element Educational equalization
Geographic subdivision United States.
942 ## - ADDED ENTRY ELEMENTS (KOHA)
Koha item type Books
Holdings
Withdrawn status Lost status Damaged status Home library Current library Date acquired Full call number Barcode Date last seen Price effective from Koha item type
      UMT Main Campus UMT Main Campus 2018-04-09 613.7082 VER-A 118653 2018-04-09 2018-04-09 Books